00723nam a2200157 i 450000100060000000300090000600500170001500700030003200800410003510000210007624501140009726000620021130000200027350502470029385200250054059816ES-MaACL20230906164113.0t|031031m19021916fr ||||1| fre d1 aEnlart, Camille.10aManuel d'archeologie française b: depuis les temps merovingiens jusqu'a la renaissance / cCamille Enlart. aParis : b[s.n.], c1902-16 (eMacon : fProtat Frères) a4 v. ; c23 cm.8 aContiene: Premiere partie : Architecture / par Camille Enlart. V. I: Architecture religieux. -- V. II: Architecture religieux : (tabla apphabetique et analytique des matieres). -- V. III: Architecture civile et militaire. -- V. IV: Le costume aES-MaACLjF-12089-92